Kỷ yếu kết quả các nhiệm vụ khoa học và công nghệ cấp tỉnh giai đoạn 2010 - 2017
Cung cấp các thông tin cơ bản về từng kết quả nghiên cứu như: tên đề tài, chủ nhiệm đề tài, cơ quan chủ trì, cơ quan phối hợp,...
Wedi'i Gadw mewn:
| Fformat: | Llyfr |
|---|---|
| Iaith: | Undetermined |
| Cyhoeddwyd: |
An Giang
Sở Khoa học và Công nghệ tỉnh An Giang
2018
|
| Pynciau: | |
| Tagiau: |
Ychwanegu Tag
Dim Tagiau, Byddwch y cyntaf i dagio'r cofnod hwn!
|
| Thư viện lưu trữ: | Trung tâm Học liệu Trường Đại học Cần Thơ |
|---|
| LEADER | 00852nam a2200181Ia 4500 | ||
|---|---|---|---|
| 001 | CTU_240025 | ||
| 008 | 210402s9999 xx 000 0 und d | ||
| 082 | |a 600 | ||
| 082 | |b K600 | ||
| 245 | 0 | |a Kỷ yếu kết quả các nhiệm vụ khoa học và công nghệ cấp tỉnh giai đoạn 2010 - 2017 | |
| 245 | 0 | |c Sở Khoa học và Công nghệ tỉnh An Giang | |
| 260 | |a An Giang | ||
| 260 | |b Sở Khoa học và Công nghệ tỉnh An Giang | ||
| 260 | |c 2018 | ||
| 520 | |a Cung cấp các thông tin cơ bản về từng kết quả nghiên cứu như: tên đề tài, chủ nhiệm đề tài, cơ quan chủ trì, cơ quan phối hợp,... | ||
| 650 | |a Công nghệ,Technology,Khoa học,Science | ||
| 910 | |b nthai | ||
| 980 | |a Trung tâm Học liệu Trường Đại học Cần Thơ | ||